| 000 | 01274nam a2200349 a 4500 | ||
|---|---|---|---|
| 999 |
_c182567 _d182567 |
||
| 003 | BLK | ||
| 005 | 20240306130726.0 | ||
| 008 | 180411b bul|||||r ||||||| ||bul|| | ||
| 010 | _aKNG00191492000 | ||
| 040 | _aBLK | ||
| 041 |
_aBUL _cBUL |
||
| 080 |
_aПедагогическа психология _b37.015.3 _z37.015.3 |
||
| 100 |
_aДесев, Любен Николов _9369489 |
||
| 139 |
_aДесев, Любен Николов _bД 45 |
||
| 245 | 1 | 0 |
_aПсихологически проблеми на възпитанието _bМоногр. _cЛюбен Николов Десев. |
| 257 | _aBGR | ||
| 260 |
_aСофия _bНар. просв. _c1977 |
||
| 300 |
_a184 с. _bс табл. _c20 см |
||
| 380 | _a3 | ||
| 504 | _aБиблиогр. с. 175-182 | ||
| 650 | 4 |
_aДетска и педагогическа психология _9244538 |
|
| 653 | _aпсихология | ||
| 653 | _aпедагогическа психология | ||
| 653 | _aпедагогика | ||
| 852 | _aЦб 84834 | ||
| 856 | 4 |
_qpdf _i0.00 _ldisable |
|
| 856 | 4 |
_qpdf _i0.00 _ldisable |
|
| 942 |
_cKNG _n0 _02 _s1 |
||
| 944 |
_aCR _c04.10.2016 _k30550 _lКети Илиева |
||
| 944 |
_aED _c04.10.2016 _kТеодора_Стоянова |
||
| 999 | _d182567 | ||